| 000 | 01152nam a22002657a 4500 | ||
|---|---|---|---|
| 999 |
_c65033 _d65033 |
||
| 005 | 20240530110803.0 | ||
| 008 | 190115s2018 ua a g b 000 0 ara d | ||
| 017 |
_a2018/1908 _bمصر. دار الكتب |
||
| 020 | _a9789777221177 | ||
| 040 |
_aEG-CaGPL _cEG-CaGPL |
||
| 082 | 0 | 4 |
_221 _a158.1 _bس د |
| 100 | 1 | _aسيب ، روجر | |
| 245 | 1 | 0 |
_aدرب عقلك لتحقيق النجاح : _bاقرأ بشكل اكثر ذكاء وتذكر بصورة اكبر وحطم انجازاتك السابقة بافضل منها / _cتأليف روجر سيب ؛ ترجمة زكريا القاضى ، سارة عماد |
| 250 | _aط.1 | ||
| 260 |
_aالقاهرة : _bالمجموعة العربية للتدريب و النشر، _c 2018 . |
||
| 300 |
_a277 ص. ؛ _c24 سم. |
||
| 504 | _aيشتمل على ارجاعات ببليوجرافية | ||
| 650 | 0 | 7 |
_2qrmak _aالنجاح الشخصى |
| 650 | 0 | 7 | _aالذاكرة |
| 650 | 0 | 7 | _aالتنمية البشرية |
| 700 | 0 |
_aزكريا القاضى _eمترجم |
|
| 700 | 0 |
_aسارة عماد _eمترجم مشارك |
|
| 942 |
_2ddc _cBK |
||